| 000 | 00425cam a2200193 4500 | ||
|---|---|---|---|
| 001 | D8619 | ||
| 008 | 090401t1980 xxu||||| |||| 00| 0 eng d | ||
| 035 | _a(Sirsi) u14165 | ||
| 041 | _aeng | ||
| 050 | _a690 | ||
| 100 | _aSeeley, Ivor Hugh | ||
| 245 | _aBuilding technology | ||
| 250 | _a2nd | ||
| 260 |
_aLondon _bMacMillan _c1980 |
||
| 300 | _aviii. 207p. 25cm | ||
| 350 | _a6.5 | ||
| 942 | _n0 | ||
| 948 | _c04/03/1997 | ||
| 999 |
_c87152 _d87152 |
||